The determinants of innovation in cities: Dynamic urbanisation economics vs. milieu economies in the metropolitan area of Milan. (Record no. 101048)

MARC details
000 -LEADER
fixed length control field 00744cam a2200265 4500
008 - FIXED-LENGTH DATA ELEMENTS--GENERAL INFORMATION
fixed length control field 000000n2000 000 0 eng u
020 ## - INTERNATIONAL STANDARD BOOK NUMBER
International Standard Book Number 0863421199
035 ## - SYSTEM CONTROL NUMBER
System control number (Sirsi) u110097
050 ## - LIBRARY OF CONGRESS CALL NUMBER
Classification number 711.520945
100 ## - MAIN ENTRY--PERSONAL NAME
Personal name Capello, Robert
245 #4 - TITLE STATEMENT
Title The determinants of innovation in cities: Dynamic urbanisation economics vs. milieu economies in the metropolitan area of Milan.
260 ## - PUBLICATION, DISTRIBUTION, ETC.
Place of publication, distribution, etc. Oxford
Name of publisher, distributor, etc. Oxford Brookes University
Date of publication, distribution, etc. 2000
300 ## - PHYSICAL DESCRIPTION
Extent 30p. ; 30cm.
350 ## - PRICE (NR) (BK AM CF MU VM SE) [OBSOLETE]
Price 8.00
490 ## - SERIES STATEMENT
Series statement Working Paper
Volume/sequential designation No.186
650 ## - SUBJECT ADDED ENTRY--TOPICAL TERM
Topical term or geographic name entry element ITALY
650 ## - SUBJECT ADDED ENTRY--TOPICAL TERM
Topical term or geographic name entry element MILAN
650 ## - SUBJECT ADDED ENTRY--TOPICAL TERM
Topical term or geographic name entry element ECONOMIC GROWTH
650 ## - SUBJECT ADDED ENTRY--TOPICAL TERM
Topical term or geographic name entry element ECONOMY
650 ## - SUBJECT ADDED ENTRY--TOPICAL TERM
Topical term or geographic name entry element EUROPE
650 ## - SUBJECT ADDED ENTRY--TOPICAL TERM
Topical term or geographic name entry element INDUSTRY
650 ## - SUBJECT ADDED ENTRY--TOPICAL TERM
Topical term or geographic name entry element URBANISATION
690 ## - LOCAL SUBJECT ADDED ENTRY--TOPICAL TERM (OCLC, RLIN)
Topical term or geographic name as entry element ECONOMIC ISSUES
942 ## - ADDED ENTRY ELEMENTS (KOHA)
Suppress in OPAC 0
Holdings
Withdrawn status Lost status Source of classification or shelving scheme Damaged status Not for loan Home library Current library Shelving location Date acquired Cost, normal purchase price Total Checkouts Full call number Barcode Date last seen Copy number Cost, replacement price Price effective from Koha item type
    Dewey Decimal Classification     London London Folio 03/01/2001 8.00   711.520945 CAP 30063140 06/08/2019 1 8.00 06/08/2019 Book